[Event "CAN-ch"]
[Site "Richmond CAN"]
[Date "2002.03.24"]
[Round "4.4"]
[White "Glinert, Stephen"]
[Black "Jiganchine, Roman"]
[Result "1-0"]
[WhiteElo "2391"]
[BlackElo "2219"]
[PlyCount "45"]
[EventDate "2002.03.21"]
[EventType "swiss"]
[EventRounds "11"]
[EventCountry "CAN"]

1. e4 c6 2. d4 d5 3. exd5 cxd5 4. c4 Nf6 5. Nc3 e6 6. Nf3 Be7 7. cxd5 Nxd5 8.
Bd3 Nc6 9. O-O O-O 10. Re1 Qa5 11. Bd2 Rd8 12. Ne5 Nxe5 13. Rxe5 Qb6 14. Nxd5
Rxd5 15. Bc3 g6 16. Be4 Rxe5 17. dxe5 Rb8 18. Qa4 Bc5 19. Qe8+ Kg7 20. Rd1
Bxf2+ 21. Kh1 Bh4 22. Rf1 Qc7 23. Bb4 1-0

[Event "CAN-ch"]
[Site "Richmond CAN"]
[Date "2002.03.26"]
[Round "6.5"]
[White "Glinert, Stephen"]
[Black "Cummings, David"]
[Result "1-0"]
[WhiteElo "2391"]
[BlackElo "2490"]
[PlyCount "113"]
[EventDate "2002.03.21"]
[EventType "swiss"]
[EventRounds "11"]
[EventCountry "CAN"]

1. e4 c5 2. Nc3 Nc6 3. g3 g6 4. Bg2 Bg7 5. d3 d6 6. f4 e6 7. Nf3 Nge7 8. O-O
O-O 9. Be3 Nd4 10. e5 Bd7 11. Ne4 Nef5 12. Bf2 Nxf3+ 13. Bxf3 Bc6 14. c3 h5 15.
d4 cxd4 16. cxd4 Rc8 17. h3 dxe5 18. dxe5 Qa5 19. Qe1 Qxe1 20. Rfxe1 Bd5 21. g4
hxg4 22. hxg4 Nh6 23. Bxa7 Rc2 24. Bd4 Bxe4 25. Rxe4 Rd8 26. Bc3 Bf8 27. Re2
Rxe2 28. Bxe2 Kg7 29. Kg2 b5 30. Bxb5 Nxg4 31. Kf3 Nh6 32. a4 Nf5 33. a5 Bc5
34. Bc4 Ne3 35. Be2 Nd5 36. Be1 Rb8 37. b4 Nxb4 38. Rb1 Nc6 39. Rxb8 Nxb8 40.
Bb5 f6 41. Bc3 f5 42. a6 Kf7 43. Bd2 Nxa6 44. Bxa6 Bd4 45. Ke2 g5 46. Kd3 Bb2
47. Bc3 Bc1 48. fxg5 Bxg5 49. Bd2 Bh4 50. Bf4 Bf2 51. Bc8 Bc5 52. Kc4 Ba3 53.
Kb5 Ke7 54. Kc6 Bb4 55. Ba6 Bc3 56. Be2 Bd4 57. Bh5 1-0

[Event "CAN-ch"]
[Site "Richmond CAN"]
[Date "2002.03.28"]
[Round "8.4"]
[White "Lawson, Eric"]
[Black "Glinert, Stephen"]
[Result "1/2-1/2"]
[WhiteElo "2200"]
[BlackElo "2391"]
[PlyCount "74"]
[EventDate "2002.03.21"]
[EventType "swiss"]
[EventRounds "11"]
[EventCountry "CAN"]

1. d4 Nf6 2. Bg5 e6 3. e4 h6 4. Bxf6 Qxf6 5. Nc3 Bb4 6. Qd2 c5 7. a3 Bxc3 8.
bxc3 d6 9. f4 O-O 10. Nf3 b6 11. Bd3 Bb7 12. e5 Qe7 13. O-O dxe5 14. fxe5 Rd8
15. Qf4 Ba6 16. c4 Bb7 17. c3 Na6 18. d5 exd5 19. cxd5 Rxd5 20. Qe4 Rxd3 21.
Qxd3 Rd8 22. Qe2 Nc7 23. Rad1 Nd5 24. Qd3 c4 25. Qxc4 Ne3 26. Rxd8+ Qxd8 27.
Qd4 Qxd4 28. Nxd4 Nxf1 29. Kxf1 Kf8 30. Kf2 Ke7 31. g3 f6 32. exf6+ Kxf6 33.
Nb5 a6 34. Nd6 Bc6 35. Ke3 Ke6 36. Nc4 b5 37. Na5 Bd5 1/2-1/2

[Event "CAN-ch"]
[Site "Richmond CAN"]
[Date "2002.03.30"]
[Round "10.4"]
[White "Glinert, Stephen"]
[Black "Yoos, John"]
[Result "1-0"]
[WhiteElo "2391"]
[BlackElo "2425"]
[PlyCount "101"]
[EventDate "2002.03.21"]
[EventType "swiss"]
[EventRounds "11"]
[EventCountry "CAN"]

1. e4 c5 2. Nc3 Nc6 3. g3 g6 4. Bg2 Rb8 5. d3 b5 6. f4 b4 7. Nce2 Bg7 8. Nf3 e6
9. O-O Nge7 10. c3 bxc3 11. bxc3 O-O 12. Be3 d6 13. Qd2 Qa5 14. Rab1 Ba6 15. g4
d5 16. e5 Rxb1 17. Rxb1 Rb8 18. Rxb8+ Nxb8 19. Nc1 Nd7 20. Nb3 Qc7 21. d4 cxd4
22. cxd4 Bf8 23. Qa5 Qxa5 24. Nxa5 Bd3 25. Nd2 Nb6 26. Bf1 Bxf1 27. Kxf1 Na4
28. Nb1 h5 29. h3 hxg4 30. hxg4 Nc8 31. Nc6 Nb2 32. Ke2 Nc4 33. Nc3 Be7 34. f5
gxf5 35. gxf5 a6 36. f6 Ba3 37. Na4 N8b6 38. Nxb6 Nxb6 39. Bd2 Nc4 40. Bb4 Bb2
41. Kd3 Kh7 42. a4 Ba3 43. Bxa3 Nxa3 44. Na5 Kg6 45. Kc3 Kf5 46. Kb2 Ke4 47.
Kxa3 Kxd4 48. Nc6+ Kc3 49. Nd8 d4 50. Nxf7 d3 51. Ng5 1-0

[Event "CAN-ch U20 2002"]
[Site "Winnipeg CAN"]
[Date "2002.01.02"]
[Round "1"]
[White "Glinert, Stephen"]
[Black "Candow, John"]
[Result "1-0"]
[WhiteElo "2384"]
[BlackElo "1819"]
[PlyCount "45"]
[EventDate "2002.01.02"]
[EventType "swiss"]
[EventRounds "8"]
[EventCountry "CAN"]

1. e4 e6 2. Nc3 d5 3. d4 Bb4 4. Nge2 c5 5. exd5 Qxd5 6. a3 Bxc3+ 7. bxc3 Ne7 8.
Nf4 Qc6 9. Bd3 cxd4 10. cxd4 Qc3+ 11. Bd2 Qxd4 12. O-O a6 13. Be3 Qd8 14. Nh5
Kf8 15. Qg4 Ng6 16. Rad1 Qe7 17. Bd4 Rg8 18. Bxg6 hxg6 19. Bc5 Qxc5 20. Rd8+
Ke7 21. Rxg8 gxh5 22. Qh4+ Kd7 23. Qd8+ 1-0

[Event "CAN-ch U20 2002"]
[Site "Winnipeg CAN"]
[Date "2002.01.02"]
[Round "2"]
[White "Charbonneau, Anne-Marie"]
[Black "Glinert, Stephen"]
[Result "0-1"]
[WhiteElo "1925"]
[BlackElo "2384"]
[PlyCount "90"]
[EventDate "2002.01.02"]
[EventType "swiss"]
[EventRounds "8"]
[EventCountry "CAN"]

1. d4 Nf6 2. c4 g6 3. Nc3 d5 4. cxd5 Nxd5 5. e4 Nxc3 6. bxc3 Bg7 7. Nf3 O-O 8.
Be3 c5 9. Rc1 Qa5 10. Qd2 cxd4 11. cxd4 Qxd2+ 12. Nxd2 e6 13. Bc4 Nc6 14. Nb3
Rd8 15. d5 Ne5 16. dxe6 Bxe6 17. Be2 b6 18. O-O Nd3 19. Bxd3 Rxd3 20. Rfd1
Rxd1+ 21. Rxd1 Rc8 22. Rc1 Rxc1+ 23. Bxc1 a5 24. Be3 a4 25. Nc1 b5 26. Bc5 Bc4
27. f4 Bc3 28. Kf2 b4 29. Ne2 Bd2 30. a3 b3 31. Bd4 Bxe2 32. Kxe2 Bc1 33. Kd3
Bxa3 34. Kc3 Kf8 35. g4 Ke7 36. Be3 Kd6 37. h4 h5 38. gxh5 gxh5 39. Kd3 Kc6 40.
Kc3 Kb5 41. f5 Bb4+ 42. Kb2 Kc4 43. e5 a3+ 44. Ka1 Bc3+ 45. Kb1 a2+ 0-1

[Event "CAN-ch U20 2002"]
[Site "Winnipeg CAN"]
[Date "2002.01.03"]
[Round "4"]
[White "Jiganchine, Roman"]
[Black "Glinert, Stephen"]
[Result "1/2-1/2"]
[WhiteElo "2245"]
[BlackElo "2384"]
[PlyCount "98"]
[EventDate "2002.01.02"]
[EventType "swiss"]
[EventRounds "8"]
[EventCountry "CAN"]

1. d4 b6 2. e4 Bb7 3. Nc3 e6 4. Nf3 Bb4 5. Bd3 Nf6 6. Qe2 d5 7. exd5 Nxd5 8.
Bd2 Nxc3 9. bxc3 Be7 10. O-O Nd7 11. Rad1 O-O 12. Bf4 Nf6 13. Be5 Nd5 14. Qd2
c5 15. c4 Nb4 16. Be2 cxd4 17. c3 Nc6 18. cxd4 Nxe5 19. Nxe5 Qc7 20. h3 Rfd8
21. Qb2 Bd6 22. Ng4 Rac8 23. Qb3 Qe7 24. Qe3 Bb8 25. Ne5 Ba6 26. Rc1 Qb4 27.
Rfd1 Qe7 28. Nf3 Qf6 29. Qe4 Qf4 30. Qxf4 Bxf4 31. Rc2 Rc7 32. g3 Bh6 33. Kf1
Rdc8 34. c5 Bxe2+ 35. Kxe2 g6 36. Rd3 bxc5 37. dxc5 Rxc5 38. Rd8+ Rxd8 39. Rxc5
Bf8 40. Ra5 Rd7 41. Ne5 Rc7 42. Nd3 Bg7 43. Ke3 Kf8 44. g4 Ke7 45. f4 Kd6 46.
f5 Bc3 47. Ra6+ Kd7 48. fxe6+ fxe6 49. Nf4 Bb4 1/2-1/2

[Event "CAN-ch U20 2002"]
[Site "Winnipeg CAN"]
[Date "2002.01.04"]
[Round "5"]
[White "Moskvitch, Andrei"]
[Black "Glinert, Stephen"]
[Result "0-1"]
[WhiteElo "2200"]
[BlackElo "2384"]
[PlyCount "102"]
[EventDate "2002.01.02"]
[EventType "swiss"]
[EventRounds "8"]
[EventCountry "CAN"]

1. e4 d6 2. d4 Nf6 3. Nc3 g6 4. Bg5 Bg7 5. Qd2 c6 6. f4 O-O 7. Nf3 d5 8. Bd3
Bg4 9. e5 Bxf3 10. gxf3 Nh5 11. O-O-O f6 12. Bh4 Bh6 13. Kb1 fxe5 14. dxe5 Nd7
15. e6 Ne5 16. Bg5 Nxf3 17. Qg2 Nxg5 18. fxg5 Bg7 19. Ne2 Qd6 20. Rhe1 b5 21.
c3 Nf4 22. Nxf4 Rxf4 23. h4 Qc5 24. Rf1 Raf8 25. Rxf4 Rxf4 26. Rf1 Qe3 27. Rxf4
Qxf4 28. Qf1 Qxf1+ 29. Bxf1 Be5 30. Be2 Bg3 31. h5 Bf4 32. hxg6 hxg6 33. Kc2
Bxg5 34. Kd3 Bh4 35. a4 a6 36. axb5 axb5 37. Kd4 Bf2+ 38. Ke5 Kg7 39. b3 Bc5
40. c4 dxc4 41. bxc4 b4 42. Bd1 Bd6+ 43. Kd4 c5+ 44. Ke4 Kf6 45. Kd5 g5 46. Ke4
Kxe6 47. Bg4+ Kf6 48. Bd1 e6 49. Kf3 Ke5 50. Kg4 Be7 51. Kf3 Kd4 0-1

[Event "CAN-ch U20 2002"]
[Site "Winnipeg CAN"]
[Date "2002.01.04"]
[Round "6"]
[White "Glinert, Stephen"]
[Black "Raheb, David"]
[Result "0-1"]
[WhiteElo "2384"]
[BlackElo "2248"]
[PlyCount "68"]
[EventDate "2002.01.02"]
[EventType "swiss"]
[EventRounds "8"]
[EventCountry "CAN"]

1. e4 c5 2. Nc3 e6 3. g3 d5 4. exd5 exd5 5. Bg2 Nf6 6. d3 Be7 7. Nge2 O-O 8.
O-O d4 9. Ne4 Nbd7 10. Nf4 Rb8 11. Nxf6+ Nxf6 12. Nh5 Nxh5 13. Qxh5 b5 14. Bf4
Rb6 15. Rfe1 g6 16. Qe2 Re8 17. Qd2 Re6 18. Rxe6 Bxe6 19. Bc6 Bd7 20. Bxd7 Qxd7
21. Qa5 Bd8 22. Qa3 g5 23. Bd2 Re2 24. Rd1 Qf5 25. Be1 Bb6 26. Qb3 c4 27. dxc4
d3 28. Qxd3 Rxe1+ 29. Rxe1 Qxf2+ 30. Kh1 Qxe1+ 31. Kg2 Qf2+ 32. Kh3 bxc4 33.
Qxc4 h5 34. Qd3 Be3 0-1

[Event "CAN-ch U20 2002"]
[Site "Winnipeg CAN"]
[Date "2002.01.05"]
[Round "7"]
[White "Wang, Hao Yuan"]
[Black "Glinert, Stephen"]
[Result "0-1"]
[WhiteElo "2219"]
[BlackElo "2384"]
[PlyCount "98"]
[EventDate "2002.01.02"]
[EventType "swiss"]
[EventRounds "8"]
[EventCountry "CAN"]

1. e4 d6 2. Nc3 Nf6 3. Bc4 g6 4. d3 Bg7 5. Nge2 c6 6. Bb3 O-O 7. Ng3 Nbd7 8.
Be3 Nc5 9. Bxc5 dxc5 10. h3 h5 11. O-O e5 12. Qd2 h4 13. Nge2 Nh5 14. Nd1 Kh7
15. Kh1 Bh6 16. Qc3 Qe7 17. Ne3 Bd7 18. Nc4 Rae8 19. Qe1 Qf6 20. c3 Bxh3 21.
Ne3 Bc8 22. Ng1 Nf4 23. Bc2 Kg7 24. Qd1 Nh5 25. Qe2 Rh8 26. Nh3 Bxe3 27. Qxe3
Nf4 28. Rad1 Bxh3 29. gxh3 Qe6 30. Kh2 Qxa2 31. Rb1 Qe6 32. Ra1 a6 33. Ra5 Qd6
34. Qxc5 Qxc5 35. Rxc5 Rh5 36. d4 Rd8 37. d5 Rg5 38. b4 cxd5 39. exd5 Rxd5 40.
Rxd5 Nxd5 41. Be4 Nxc3 42. Bxb7 Na2 43. Rb1 Rf5 44. Bxa6 Rxf2+ 45. Kg1 Rf4 46.
b5 Rb4 47. Rxb4 Nxb4 48. Bb7 Kf6 49. Kf2 Ke6 0-1

[Event "CAN-ch U20 2002"]
[Site "Winnipeg CAN"]
[Date "2002.01.06"]
[Round "8"]
[White "Glinert, Stephen"]
[Black "Lipnowski, Samuel"]
[Result "1-0"]
[WhiteElo "2384"]
[BlackElo "2035"]
[PlyCount "53"]
[EventDate "2002.01.02"]
[EventType "swiss"]
[EventRounds "8"]
[EventCountry "CAN"]

1. e4 c5 2. Nc3 a6 3. g3 b5 4. Bg2 Bb7 5. d3 Nf6 6. f4 e6 7. Nf3 d5 8. e5 Nfd7
9. O-O Be7 10. d4 Nc6 11. Ne2 h5 12. h3 g6 13. c3 Qc7 14. Be3 b4 15. cxb4 Nxb4
16. a3 Nc6 17. dxc5 Bxc5 18. Ned4 a5 19. Rc1 Qb6 20. Rf2 a4 21. Rxc5 Nxc5 22.
Nxc6 Bxc6 23. Rc2 Ra5 24. Qc1 d4 25. Bxd4 Bxf3 26. Bxf3 Qb3 27. Rc3 1-0

[Event "CAN-ch"]
[Site "Montreal CAN"]
[Date "2001.08.21"]
[Round "1"]
[White "Glinert, Stephen"]
[Black "Chabot, Roland"]
[Result "1-0"]
[WhiteElo "2273"]
[BlackElo "2225"]
[PlyCount "73"]
[EventDate "2001.08.21"]
[EventType "swiss"]
[EventRounds "9"]
[EventCountry "CAN"]
[Source "Mark Crowther"]
[SourceDate "2001.08.27"]

1. e4 c5 2. Nc3 a6 3. a4 Nc6 4. g3 b6 5. Bg2 Bb7 6. d3 e6 7. f4 d6 8. Nf3 Nf6
9. O-O Be7 10. h3 O-O 11. Be3 Qc7 12. g4 Nd7 13. f5 Nde5 14. g5 Rfe8 15. Nxe5
Nxe5 16. f6 Bf8 17. fxg7 Bxg7 18. Qh5 Ng6 19. Bf4 Rad8 20. Rf3 Bc6 21. Raf1 Re7
22. Bg3 Qd7 23. Rf6 Bxa4 24. b3 Bc6 25. Nd1 d5 26. e5 Kh8 27. Ne3 Bxf6 28. gxf6
Ree8 29. Bf4 Rg8 30. Bh6 d4 31. Ng4 Bxg2 32. Bg7+ Rxg7 33. fxg7+ Kxg7 34. Qh6+
Kh8 35. Nf6 Nf8 36. Nxd7 Nxd7 37. Rxf7 1-0

[Event "CAN-ch"]
[Site "Montreal CAN"]
[Date "2001.08.22"]
[Round "3"]
[White "Glinert, Stephen"]
[Black "Schleifer, Michael"]
[Result "1-0"]
[WhiteElo "2273"]
[BlackElo "2369"]
[PlyCount "65"]
[EventDate "2001.08.21"]
[EventType "swiss"]
[EventRounds "9"]
[EventCountry "CAN"]
[Source "Mark Crowther"]
[SourceDate "2001.08.27"]

1. e4 e5 2. Nf3 Nf6 3. Nxe5 d6 4. Nf3 Nxe4 5. Nc3 Nxc3 6. dxc3 Be7 7. Be3 O-O
8. h3 d5 9. c4 Be6 10. Nd4 c5 11. Nxe6 fxe6 12. cxd5 exd5 13. c3 Nc6 14. Qb3
Na5 15. Qa4 a6 16. Rd1 b5 17. Qg4 Qd6 18. Bd3 Rad8 19. O-O Qf6 20. b4 d4 21.
cxd4 cxb4 22. d5 Qd6 23. Qe4 g6 24. Rfe1 Rf7 25. Be2 Bf6 26. Bg4 Bc3 27. Be6
Bxe1 28. Rxe1 Nb7 29. Bg5 Rdd7 30. Bh6 Rde7 31. Qd4 Re8 32. Re2 Qd8 33. Qe3 1-0

[Event "CAN-ch"]
[Site "Montreal CAN"]
[Date "2001.08.23"]
[Round "4"]
[White "Glinert, Stephen"]
[Black "Haessel, Dale"]
[Result "1-0"]
[WhiteElo "2273"]
[BlackElo "2205"]
[PlyCount "85"]
[EventDate "2001.08.21"]
[EventType "swiss"]
[EventRounds "9"]
[EventCountry "CAN"]
[Source "Mark Crowther"]
[SourceDate "2001.08.27"]

1. e4 c5 2. Nc3 Nc6 3. g3 g6 4. Bg2 Bg7 5. d3 Rb8 6. f4 d6 7. Nf3 b5 8. O-O e6
9. Ne2 Nge7 10. d4 O-O 11. Be3 f5 12. dxc5 fxe4 13. Nfd4 Nxd4 14. Bxd4 Bxd4+
15. Qxd4 d5 16. Rad1 b4 17. Bxe4 Nc6 18. Qe3 Qf6 19. Bg2 Qxb2 20. f5 gxf5 21.
Nd4 Nxd4 22. Rxd4 Qc3 23. Qe5 Qxc5 24. Kh1 Rb5 25. g4 f4 26. Rdxf4 Rxf4 27.
Qg5+ Kh8 28. Rxf4 Rb7 29. Qh6 Rg7 30. g5 Kg8 31. Bh3 Rg6 32. Qh4 Qxc2 33. Qg3
Qc1+ 34. Rf1 Qc3 35. Qd6 Kh8 36. Qe7 Qe5 37. Rf7 Qe1+ 38. Bf1 Qe4+ 39. Bg2 Qe1+
40. Rf1 Qe5 41. h4 Ba6 42. Rf7 Rg7 43. Qf8+ 1-0

[Event "CAN-ch"]
[Site "Montreal CAN"]
[Date "2001.08.24"]
[Round "5"]
[White "Khassanov, Marat"]
[Black "Glinert, Stephen"]
[Result "1-0"]
[WhiteElo "2363"]
[BlackElo "2273"]
[PlyCount "101"]
[EventDate "2001.08.21"]
[EventType "swiss"]
[EventRounds "9"]
[EventCountry "CAN"]
[Source "Mark Crowther"]
[SourceDate "2001.08.27"]

1. e4 b6 2. d4 Bb7 3. Nc3 e6 4. a3 Nf6 5. e5 Nd5 6. Nxd5 Bxd5 7. Nf3 d6 8. Bg5
Be7 9. Bxe7 Qxe7 10. Bb5+ Nd7 11. O-O O-O 12. Re1 Rfd8 13. Qe2 c5 14. Rad1 cxd4
15. exd6 Qxd6 16. Nxd4 Nc5 17. c4 a6 18. cxd5 axb5 19. b4 Na4 20. Nxb5 Qd7 21.
dxe6 Qxe6 22. Qxe6 fxe6 23. Kf1 Rxd1 24. Rxd1 Kf7 25. Rd2 Kf6 26. Ke1 Rc8 27.
f3 Ke5 28. Rd7 Kf6 29. Kd2 Nb2 30. Nd6 Ra8 31. Kc2 Na4 32. Kb3 b5 33. Nxb5 Nb6
34. Rd6 Nd5 35. a4 Ke5 36. Rc6 Rb8 37. g3 g5 38. Rc5 Rf8 39. Nc3 Rxf3 40. a5
Kd4 41. Rc4+ Ke5 42. b5 Kd6 43. b6 Rf7 44. Nxd5 exd5 45. Rc1 Rb7 46. Kb4 d4 47.
Kb5 Re7 48. Ka6 d3 49. b7 Re8 50. Ka7 d2 51. Rd1 1-0

[Event "CAN-ch"]
[Site "Montreal CAN"]
[Date "2001.08.25"]
[Round "6"]
[White "Bluvshtein, Mark"]
[Black "Glinert, Stephen"]
[Result "1/2-1/2"]
[WhiteElo "2303"]
[BlackElo "2273"]
[PlyCount "66"]
[EventDate "2001.08.21"]
[EventType "swiss"]
[EventRounds "9"]
[EventCountry "CAN"]
[Source "Mark Crowther"]
[SourceDate "2001.03.09"]

1. e4 d6 2. d4 Nf6 3. Nc3 g6 4. Bg5 Bg7 5. Qd2 c6 6. f4 O-O 7. Bd3 b5 8. Nf3
Nbd7 9. e5 dxe5 10. fxe5 b4 11. exf6 exf6 12. Bf4 bxc3 13. Qxc3 Re8+ 14. Kf2
Bb7 15. Rhe1 Nb6 16. Qa5 Nd5 17. Rxe8+ Qxe8 18. Bd2 Qd7 19. Re1 Nc7 20. c3 Ne6
21. Bc4 Bf8 22. Qa4 Qd6 23. b4 a5 24. bxa5 c5 25. Qb3 Bxf3 26. Bxe6 fxe6 27.
Kxf3 Qd5+ 28. Qxd5 exd5 29. c4 dxc4 30. dxc5 Bxc5 31. Re4 Rd8 32. Rxc4 Rxd2 33.
Rxc5 Rxa2 1/2-1/2

[Event "CAN-ch"]
[Site "Montreal CAN"]
[Date "2001.08.28"]
[Round "9"]
[White "Ochkoos, Jura"]
[Black "Glinert, Stephen"]
[Result "0-1"]
[WhiteElo "2285"]
[BlackElo "2273"]
[PlyCount "108"]
[EventDate "2001.08.21"]
[EventType "swiss"]
[EventRounds "9"]
[EventCountry "CAN"]
[Source "Mark Crowther"]
[SourceDate "2001.03.09"]

1. e4 b6 2. d4 Bb7 3. Bd3 Nf6 4. Qe2 Nc6 5. Nf3 Nb4 6. Nc3 Nxd3+ 7. Qxd3 e6 8.
O-O Be7 9. a4 Bb4 10. e5 Nd5 11. Nxd5 Bxd5 12. c3 Be7 13. a5 Rc8 14. c4 Ba8 15.
axb6 axb6 16. d5 O-O 17. Rd1 exd5 18. cxd5 d6 19. Bf4 dxe5 20. Bxe5 Bf6 21. Qc3
Bxe5 22. Nxe5 Qd6 23. Nc6 Rce8 24. b4 Bb7 25. b5 Re4 26. h3 Rfe8 27. Rd3 Bc8
28. Rc1 Bf5 29. Rdd1 Bg6 30. Qd2 f6 31. Re1 Bf7 32. Rxe4 Rxe4 33. Ra1 Re8 34.
Rd1 h6 35. Qd3 Kh8 36. Qf5 Re2 37. Qd3 Rb2 38. Ra1 g6 39. Rd1 Qc5 40. Qg3 Bxd5
41. Qf4 Kg7 42. Qxc7+ Bf7 43. Qg3 Rxb5 44. Nd4 Rb4 45. Qe3 Qe5 46. Qd2 Rc4 47.
f4 Qe4 48. f5 gxf5 49. Qf2 f4 50. Rd2 Bg6 51. Kh2 Qe3 52. Kg1 Rc1+ 53. Kh2 Rc3
54. Kh1 Rd3 0-1

[Event "St John's University"]
[Site "New York USA"]
[Date "2001.06.18"]
[Round "1"]
[White "Kurniawan, Bobby"]
[Black "Glinert, Stephen"]
[Result "1-0"]
[WhiteElo "2375"]
[BlackElo "2273"]
[PlyCount "103"]
[EventDate "2001.06.18"]
[EventType "tourn"]
[EventRounds "9"]
[EventCountry "USA"]
[EventCategory "4"]
[Source "Mark Crowther"]
[SourceDate "2001.06.25"]

1. e4 b6 2. d4 Bb7 3. Bd3 Nf6 4. Qe2 Nc6 5. c3 e5 6. d5 Ne7 7. Nf3 Ng6 8. g3
Be7 9. O-O O-O 10. c4 Bc8 11. Nc3 d6 12. Ne1 Nd7 13. b4 a5 14. bxa5 Rxa5 15. a4
Nc5 16. Bb2 f5 17. exf5 Bxf5 18. Ba3 Qd7 19. Bb4 Raa8 20. Bxf5 Rxf5 21. Bxc5
dxc5 22. Ng2 e4 23. Nxe4 Rxa4 24. Rxa4 Qxa4 25. Ne3 Rf7 26. f4 Qd7 27. Ra1 Bf6
28. Ra8+ Rf8 29. Nxf6+ gxf6 30. Ng4 Kg7 31. Rxf8 Nxf8 32. h4 Qf7 33. f5 Nd7 34.
Qe6 h5 35. Nh6 Qf8 36. Qxd7+ Kxh6 37. Qxc7 Qe8 38. Qf4+ Kg7 39. Kg2 Qa4 40.
Qc7+ Kh6 41. Qf4+ Kg7 42. Qe4 Qd1 43. Qe7+ Kg8 44. Qe8+ Kg7 45. Qg6+ Kf8 46.
Qxf6+ Kg8 47. Qe6+ Kf8 48. f6 Qd2+ 49. Kg1 Qd1+ 50. Kg2 Qc2+ 51. Kh3 Qg6 52. d6
1-0

[Event "St John's University"]
[Site "New York USA"]
[Date "2001.06.19"]
[Round "2"]
[White "Glinert, Stephen"]
[Black "Szuk, Balazs"]
[Result "1-0"]
[WhiteElo "2273"]
[BlackElo "2360"]
[PlyCount "85"]
[EventDate "2001.06.18"]
[EventType "tourn"]
[EventRounds "9"]
[EventCountry "USA"]
[EventCategory "4"]
[Source "Mark Crowther"]
[SourceDate "2001.06.25"]

1. e4 c5 2. Nc3 e6 3. g3 d5 4. exd5 exd5 5. Bg2 Nf6 6. d3 Be7 7. Nge2 d4 8. Ne4
Nxe4 9. dxe4 O-O 10. O-O Nc6 11. Nf4 Bd6 12. Nd5 Be6 13. Bf4 Rb8 14. Re1 Re8
15. Qh5 g6 16. Qh6 Bxd5 17. exd5 Ne5 18. Re2 Qd7 19. Qg5 Nc4 20. Rae1 Rxe2 21.
Rxe2 Re8 22. Bh3 Qb5 23. Bf1 d3 24. Rxe8+ Qxe8 25. Bxd3 Ne5 26. Kg2 Kg7 27. Qh4
f6 28. Bh6+ Kf7 29. Qe4 Qd7 30. Be2 f5 31. Qe3 b5 32. f4 Nc4 33. Bxc4 bxc4 34.
Qc3 Kg8 35. Qxc4 Qe7 36. Bg5 Qe1 37. Qd3 Qc1 38. Qe2 Qxb2 39. Qe6+ Kg7 40. Qxd6
Qxc2+ 41. Kh3 Qd1 42. Qe7+ Kg8 43. Bf6 1-0

[Event "St John's University"]
[Site "New York USA"]
[Date "2001.06.20"]
[Round "3"]
[White "Sarkar, Justin"]
[Black "Glinert, Stephen"]
[Result "1-0"]
[WhiteElo "2406"]
[BlackElo "2273"]
[PlyCount "149"]
[EventDate "2001.06.18"]
[EventType "tourn"]
[EventRounds "9"]
[EventCountry "USA"]
[EventCategory "4"]
[Source "Mark Crowther"]
[SourceDate "2001.06.25"]

1. e4 b6 2. d4 Bb7 3. Bd3 Nf6 4. Qe2 Nc6 5. c3 e5 6. d5 Ne7 7. Nf3 d6 8. Bg5
Nd7 9. Ba6 Bxa6 10. Qxa6 h6 11. Bxe7 Bxe7 12. Nbd2 O-O 13. O-O Bg5 14. Nb3 f5
15. exf5 Rxf5 16. Qd3 Qf6 17. h4 Rxf3 18. Qxf3 Qxf3 19. gxf3 Bxh4 20. Nd2 Nf6
21. c4 Nh5 22. a4 a5 23. Ra3 Nf4 24. Re1 Rf8 25. Ne4 Be7 26. Kf1 h5 27. Rb1 h4
28. b4 axb4 29. Rxb4 Ra8 30. Rb5 Kf7 31. a5 bxa5 32. Raxa5 Rc8 33. Rb7 Ke8 34.
Rba7 Kd7 35. Ra8 Rxa8 36. Rxa8 Bd8 37. Kg1 Ne2+ 38. Kg2 Nf4+ 39. Kh2 Ke7 40.
Nc3 Kd7 41. Ne4 Ke7 42. Ng5 Kd7 43. Ne6 Nxe6 44. dxe6+ Ke7 45. Kh3 c6 46. Kxh4
Bb6 47. Kg3 Kxe6 48. Ra6 Bc5 49. Rxc6 Kf5 50. Rc8 Kf6 51. Rf8+ Ke7 52. Rh8 Kf6
53. Rh4 Bd4 54. f4 Kf5 55. fxe5 Bxe5+ 56. Kf3 Kg5 57. Rh8 Kf5 58. Ke3 Bf6 59.
Ra8 Be5 60. Rf8+ Bf6 61. f4 g6 62. Kf3 Ke6 63. Ke4 Be7 64. f5+ gxf5+ 65. Rxf5
Bf6 66. Rh5 Bg7 67. Rg5 Be5 68. Rg6+ Kf7 69. Rh6 Bf6 70. Kd5 Be7 71. Rh7+ Kf6
72. Rh6+ Kf7 73. Rxd6 Ke8 74. Re6 Kd7 75. Rxe7+ 1-0

[Event "St John's University"]
[Site "New York USA"]
[Date "2001.06.21"]
[Round "4"]
[White "Glinert, Stephen"]
[Black "Morrison, William"]
[Result "0-1"]
[WhiteElo "2273"]
[BlackElo "2381"]
[PlyCount "52"]
[EventDate "2001.06.18"]
[EventType "tourn"]
[EventRounds "9"]
[EventCountry "USA"]
[EventCategory "4"]
[Source "Mark Crowther"]
[SourceDate "2001.06.25"]

1. e4 e5 2. Nf3 Nc6 3. d4 exd4 4. Nxd4 Bc5 5. Be3 Qf6 6. c3 Nge7 7. Bc4 O-O 8.
O-O Ne5 9. Be2 d6 10. Nd2 Qh4 11. f3 d5 12. Bf2 Qh6 13. Bg3 N5c6 14. N2b3 Bb6
15. Kh1 Nxd4 16. Nxd4 Rd8 17. Qb3 c5 18. Nb5 Be6 19. exd5 Bxd5 20. Bc4 Nf5 21.
Bf2 Bc6 22. Kg1 a6 23. Bxf7+ Kh8 24. Be6 c4 25. Qc2 Ne3 26. Qe2 axb5 0-1

[Event "St John's University"]
[Site "New York USA"]
[Date "2001.06.22"]
[Round "5"]
[White "Smith, Bryan"]
[Black "Glinert, Stephen"]
[Result "1-0"]
[WhiteElo "2308"]
[BlackElo "2273"]
[PlyCount "67"]
[EventDate "2001.06.18"]
[EventType "tourn"]
[EventRounds "9"]
[EventCountry "USA"]
[EventCategory "4"]
[Source "Mark Crowther"]
[SourceDate "2001.06.25"]

1. e4 d6 2. d4 Nf6 3. Nc3 g6 4. Bg5 Bg7 5. Qd2 c6 6. f4 O-O 7. Nf3 d5 8. e5 Ne4
9. Nxe4 dxe4 10. Ng1 Be6 11. Ne2 f6 12. Bh4 c5 13. O-O-O fxe5 14. dxe5 Nc6 15.
Qxd8 Raxd8 16. Rxd8 Rxd8 17. Nc3 Bh6 18. g3 Kf8 19. Bg2 Nxe5 20. Nxe4 Bd5 21.
Rd1 Nf7 22. Rd2 Bc6 23. Rf2 Bxe4 24. Bxe4 Nd6 25. Re2 b6 26. Bxg6 Rd7 27. Bh5
Rc7 28. Bg4 Bg7 29. Be6 b5 30. g4 b4 31. f5 Nb5 32. Bc4 Nd4 33. Rf2 Rc6 34. c3
1-0

[Event "St John's University"]
[Site "New York USA"]
[Date "2001.06.24"]
[Round "6"]
[White "Glinert, Stephen"]
[Black "Belorusov, Mikhail"]
[Result "1-0"]
[WhiteElo "2273"]
[BlackElo "2298"]
[PlyCount "117"]
[EventDate "2001.06.18"]
[EventType "tourn"]
[EventRounds "9"]
[EventCountry "USA"]
[EventCategory "4"]

1. e4 e6 2. Nc3 d5 3. d4 Bb4 4. Nge2 dxe4 5. a3 Be7 6. Nxe4 Nf6 7. Qd3 Nbd7 8.
Bf4 Nxe4 9. Qxe4 Nf6 10. Qd3 O-O 11. O-O-O c5 12. Be5 cxd4 13. Nxd4 Qa5 14. Qb5
Qxb5 15. Nxb5 Ne8 16. Be2 a6 17. Nc7 Nxc7 18. Bxc7 Bc5 19. f4 Re8 20. Bf3 Ra7
21. Bb8 Ra8 22. Bd6 Bxd6 23. Rxd6 Kf8 24. Rhd1 Ke7 25. c4 Ra7 26. c5 a5 27. Kc2
Rg8 28. Kc3 g5 29. fxg5 Rxg5 30. Kc4 e5 31. Kb5 a4 32. h4 Rg8 33. R1d2 f5 34.
R2d5 e4 35. Re5+ Kf7 36. Bh5+ Kg7 37. Kb6 Ra8 38. Kc7 Ra7 39. Re7+ Kh8 40. Re8
b6+ 41. Kxc8 Ra8+ 42. Kd7 Raxe8 43. Bxe8 bxc5 44. Rd2 e3 45. Re2 f4 46. Bh5 Kg7
47. Kd6 Kf6 48. Bf3 Rc8 49. Bc6 c4 50. Bxa4 c3 51. Bc6 Rd8+ 52. Bd7 Ra8 53. a4
cxb2 54. Rxb2 Ra5 55. Bb5 Kf5 56. Kc5 Kg4 57. Kb6 Ra8 58. Bc6 Rd8 59. a5 1-0